000 00698nam a2200265Ia 4500
005 20260121170458.0
008 008 260114s9999 xx 000 0 eng d
020 _a9783319767291
037 _aEBOOK
040 _aCRL
040 _beng
040 _cCRL
041 _2eng
041 _aeng
084 _qCRL
100 _aAlina Álvarez Larrain, Catriel Greco
_91064373
245 0 _aPolitical Landscapes of the Late Intermediate Period in the Southern Andes
260 _bSpringer
260 _bSpringer
260 _c2018
856 _uhttps://link.springer.com/openurl?genre=book&isbn=978-3-319-76729-1
942 _cEBOOK
999 _c1630102
_d1630102